ម៉ែ ពូកែមែន! / (Record no. 1532)

MARC details
000 -LEADER
fixed length control field 01610nam a22003017a 4500
001 - CONTROL NUMBER
control field 1532
003 - CONTROL NUMBER IDENTIFIER
control field FISKH
005 - DATE AND TIME OF LATEST TRANSACTION
control field 20230904140028.0
008 - FIXED-LENGTH DATA ELEMENTS--GENERAL INFORMATION
fixed length control field 230904b cb ||||| |||| 00| 0 khr d
020 ## - INTERNATIONAL STANDARD BOOK NUMBER
International Standard Book Number 9789924340980
040 ## - CATALOGING SOURCE
Original cataloging agency FISKH
Language of cataloging eng
Transcribing agency FISKH
Modifying agency FISKH
082 ## - DEWEY DECIMAL CLASSIFICATION NUMBER
Classification number 599.757
100 ## - MAIN ENTRY--PERSONAL NAME
Personal name Sodany, Ouch
245 ## - TITLE STATEMENT
Title ម៉ែ ពូកែមែន! /
Statement of responsibility, etc. និពន្ធដោយ អ៊ូច សូដានី - គូររូបដោយ អ៊ែល ហ៊ុយណូ
250 ## - EDITION STATEMENT
Edition statement បោះពុម្ពលើកទី​ ២ វិច្ឆិការ ២០២២
260 ## - PUBLICATION, DISTRIBUTION, ETC.
Place of publication, distribution, etc. Phnom Penh :
Name of publisher, distributor, etc. Sipar,
Date of publication, distribution, etc. 2022.
300 ## - PHYSICAL DESCRIPTION
Extent 23 pages :
Other physical details color illustrations ;
Dimensions 25 cm
490 ## - SERIES STATEMENT
Series statement រឿងដំបូងៗ
505 ## - FORMATTED CONTENTS NOTE
Formatted contents note G <br/>
520 ## - SUMMARY, ETC.
Summary, etc. នៅលើវាលស្មៅ កូនតោឃើញម្ដាយ និងតោញីពីរទៀតចាប់ចំណីជាលើកដំបូង។ គេពិតជាស្ញប់ស្ញែងចំពោះភាពវាងវៃ និងរហ័សរហួនរបស់ម្ដាយ និងគូកនណាស់។
520 ## - SUMMARY, ETC.
Summary, etc. In the pasture, the lion cub sees the mother and two other lionesses hunting for the first time. It is amazed at the ingenuity and agility of their mother and partners.
521 8# - TARGET AUDIENCE NOTE
Target audience note 380 <br/>
Source Lexile estimate <br/>
521 8# - TARGET AUDIENCE NOTE
Target audience note G <br/>
Source Raz-Plus <br/>
650 ## - SUBJECT ADDED ENTRY--TOPICAL TERM
Topical term or geographic name entry element តោ
Form subdivision ស្ញប់ស្ញែង
General subdivision ដៃគូរ
Chronological subdivision ចាប់ចំណី
650 ## - SUBJECT ADDED ENTRY--TOPICAL TERM
Topical term or geographic name entry element Lion
Form subdivision Amaze
General subdivision Partner
Chronological subdivision Hunting
700 ## - ADDED ENTRY--PERSONAL NAME
Personal name Huyno, El
Relator term illustrator
942 ## - ADDED ENTRY ELEMENTS (KOHA)
Source of classification or shelving scheme Dewey Decimal Classification
Koha item type Books
Suppress in OPAC No
Holdings
Withdrawn status Lost status Source of classification or shelving scheme Damaged status Not for loan Collection Home library Current library Shelving location Date acquired Total Checkouts Full call number Barcode Date last seen Date last checked out Copy number Price effective from Koha item type
    Dewey Decimal Classification     Khmer Language Books / សៀវភៅភាសាខ្មែរ Footprints International School Library Network Toul Kork Campus Footprints International School Library Network Toul Kork Campus TK Campus, Room B402, Khmer Book Case 16, Shelves 112-123 / ទូរសៀវភៅខ្មែរលេខ ១៦​ ធ្នើរ ១១២ ដល់ ១២៣ បន្ទប់ B402 សាខាទួលគោក 09/04/2023 2 SOD 599.757 2023-0470 03/20/2026 03/11/2026 1 09/04/2023 Khmer Books
    Dewey Decimal Classification     Khmer Language Books / សៀវភៅភាសាខ្មែរ Footprints International School Library Network Toul Kork Campus Footprints International School Library Network Toul Kork Campus TK Campus, Room B402, Khmer Book Case 16, Shelves 112-123 / ទូរសៀវភៅខ្មែរលេខ ១៦​ ធ្នើរ ១១២ ដល់ ១២៣ បន្ទប់ B402 សាខាទួលគោក 09/04/2023 1 SOD 599.757 2024-0916 03/20/2026 03/11/2026 2 09/04/2023 Khmer Books